[Event "27th CRO-chT 1A-Men 2018"]
[Site "Biograd"]
[Date "2018.09.08"]
[Round "1.1"]
[White "Hracek, Zbynek"]
[Black "Ponkratov, Pavel"]
[Result "1/2-1/2"]
[WhiteElo "2557"]
[BlackElo "2622"]
[Annotator "TA"]
[PlyCount "57"]
[EventDate "2018.09.08"]
[EventType "team-tourn"]
[EventCountry "CRO"]
[SourceTitle "playchess.com"]
[Source "ChessBase"]
[SourceQuality "1"]

{[%evp 25,57,18,14,0,0,0,0,0,0,0,0,0,0,-39,-37,-64,-57,-58,-58,-58,-59,-82,-66,-77,-68,-178,-154,-151,-158,-171,-3,-8,-12,-87]} 1. e4 e5 2. Nf3 Nf6 3. Nxe5 d6 4. Nf3 Nxe4 5. d4 d5 6. Bd3 Be7 7. O-O Nc6 8. c4 Nb4 9. Be2 O-O 10. Nc3 Be6 11. Ne5 c5 {C42: Petroff Defence: 3 Nxe5 and unusual White 3rd moves} (11... Bf5 12. a3 Nc6 13. cxd5 Nxc3 14. bxc3 Qxd5 15. Bf3 Qd6 16. Bf4 Nxe5 17. Bxb7 Rab8 18. Bxe5 Qb6 19. Qf3 Rxb7 20. Qxf5 {1-0 (26) Istratescu,A (2646)-Rausis,I (2552) Dieppe 2013}) 12. Nxe4 dxe4 13. d5 Bc8 {LiveBook: 32 Games} 14. f4 f6 15. Ng4 Bxg4 16. Bxg4 f5 17. Be2 Bf6 18. Be3 Bd4 $146 {[%mdl 2048] Black has some pressure.} ({Predecessor:} 18... Qb6 19. a3 {1-0 (57) Megaranto,S (2364)-Handoko,E (2431) Surabaya 2002}) 19. Bxd4 cxd4 20. Qxd4 {[#] Black must now prevent Qc3.} Nc2 $1 {[%csl LRa1,LRd4]} 21. Qc3 Nxa1 22. Rxa1 Qd6 23. c5 Qxf4 24. d6 Kh8 25. b4 {[#]} (25. Rd1 $15) 25... Qg5 $1 $19 26. Rd1 f4 {Strongly threatening ...f3.} 27. Qd2 Qh4 $2 (27... Rf5 $19 {...f3 is the strong threat.} 28. Kh1 Rd8) 28. Qd4 $11 Rae8 29. d7 {Precision: White = 34%, Black = 75%.} (29. Kh1 $11 {keeps the balance.}) 1/2-1/2

[Event "27th CRO-chT 1A-Men 2018"]
[Site "Biograd"]
[Date "2018.09.08"]
[Round "1.2"]
[White "Predke, Alexandr"]
[Black "Leventic, Ivan"]
[Result "1-0"]
[WhiteElo "2612"]
[BlackElo "2411"]
[Annotator "TA"]
[PlyCount "77"]
[EventDate "2018.09.08"]
[EventType "team-tourn"]
[EventCountry "CRO"]
[SourceTitle "playchess.com"]
[Source "ChessBase"]
[SourceQuality "1"]

{[%evp 14,77,30,30,75,75,66,54,72,66,63,54,46,64,58,0,0,-24,-25,-28,49,40,47,42,81,27,35,50,78,10,39,10,23,0,0,0,11,0,2,0,32,47,30,44,93,91,94,83,88,5,212,135,133,129,134,116,114,125,318,305,538,511,1254,1253,5381,1611]} 1. e4 e5 2. Nf3 Nf6 3. d4 Nxe4 4. Bd3 d5 5. Nxe5 Nd7 6. Nxd7 Bxd7 7. O-O Qh4 8. c4 Nf6 {C43: Petroff Defence: 3 d4} (8... O-O-O 9. c5 g6 10. Nc3 Bg7 11. Be3 Nxc5 12. g3 Qh3 13. Be2 h5 14. Nxd5 Ne6 15. Rc1 Kb8 16. Nf4 Qf5 17. Bd3 Qa5 18. d5 Nd4 19. Rc4 {1-0 (34) Tiviakov,S (2662)-Smeets,J (2657) Wijk aan Zee 2010 CBM 135 [Marin,M]}) 9. Nd2 Qxd4 10. Re1+ Be6 {White is slightly better.} 11. Nb3 Qb6 12. Be3 $1 {[%cal Re3b6]} c5 13. cxd5 Nxd5 14. Bd2 $146 (14. Bf5 $1 $14) ({Predecessor:} 14. Bf5 Nxe3 15. Rxe3 Be7 16. Bxe6 fxe6 {½-½ (66) Buecker,J (2362)-Junge,W (2198) GER email 2007}) 14... Be7 $11 15. Qh5 Nf6 16. Qh4 Nd7 ({Black should play} 16... O-O $11) 17. Qe4 g6 18. Bc4 O-O {[#]} 19. Bxe6 ({Better is} 19. Ba5 $1 $16 {[%cal Ra5b6]} Nf6 20. Qf3) 19... fxe6 20. Qc4 Kf7 21. Re3 (21. Bc3 $16) 21... Bf6 22. Rae1 Rfe8 23. Rf3 {Black must now prevent Qh4.} (23. h4 {looks sharper.} Qc6 24. Bc3 Qd5 25. Qf4 e5 26. Qg4) 23... Kg7 24. Bc3 Bxc3 25. Qxc3+ e5 26. Nd2 {[%cal Bb3d2,Bd2e4,Be4g5][%mdl 32]} Qb4 27. Qc1 {[%mdl 1024] White has compensation.} Qd4 28. Ne4 Rf8 29. Ng5 {Ne6+ is the strong threat.} Rae8 30. Rd1 Qa4 31. Rh3 (31. b3 $16 Qc6 32. Rfd3) 31... h5 $2 (31... Nf6 $1 $11 {and Black stays safe.}) 32. Ra3 Qc6 {[#]} 33. Rad3 $1 $36 {[%cal Rd3d7,Ba3d3,Bd3d6,Bd6e6][%mdl 2080] Keeping Black busy.} Nf6 34. Rd6 Qc8 35. Qc4 {aiming for Ne6+.} Kh6 $2 (35... Kh8 $16) 36. Ne6 $18 Rxe6 $2 (36... Rf7 37. Qc1+ (37. Nxc5 Ree7 $14) 37... Kh7) 37. Rxe6 {White is clearly winning.} Ng4 (37... Qc7 $142 38. Qh4 Qf7) 38. Rdd6 Rg8 39. h3 {Precision: White = 59%, Black = 38%.} (39. f3 $142 Nf6 40. Rxf6) 1-0

[Event "27th CRO-chT 1A-Men 2018"]
[Site "Biograd"]
[Date "2018.09.08"]
[Round "1.3"]
[White "Zivkovic, Vjekoslav"]
[Black "Martinovic, Sasa"]
[Result "0-1"]
[WhiteElo "2358"]
[BlackElo "2567"]
[Annotator "TA"]
[PlyCount "98"]
[EventDate "2018.09.08"]
[EventType "team-tourn"]
[EventCountry "CRO"]
[SourceTitle "playchess.com"]
[Source "ChessBase"]
[SourceQuality "1"]

{[%evp 9,98,10,22,15,30,0,14,18,20,-7,16,0,0,0,0,-25,-20,-37,0,0,0,-25,-19,-58,-55,-81,-84,-78,-79,-72,-79,-81,-84,-70,-66,-114,-115,-223,-220,-220,-223,-224,-224,-224,-224,-224,-224,-257,-258,-288,-287,-280,-283,-287,-282,-273,-278,-336,-325,-402,-393,-389,-388,-388,-374,-374,-237,-331,0,-354,-310,-309,-301,-484,-367,-12841,-12841,-12841,-12842,-12843,-12843,-12844,-12844,-12847,-12847,-12848,-12846,-12848,-12847,-12847,-12847]} 1. e4 c5 2. Nf3 d6 3. Bb5+ Nd7 4. a4 Ngf6 5. d3 (5. Nc3 a6 6. Bxd7+ Bxd7 7. a5 g6 8. O-O Bg7 9. e5 dxe5 10. Nxe5 O-O 11. d3 Be6 12. Re1 Nd5 13. Bd2 {½-½ (42) Carlsen,M (2837)-Ding,L (2774) Saint Louis 2017}) 5... g6 6. O-O {B51: Sicilian: Moscow Variation (3 Bb5+) without 3...Bd7} Bg7 7. Nbd2 O-O 8. a5 {The position is equal.} a6 9. Bxd7 Nxd7 $146 ({Predecessor:} 9... Bxd7 10. Nc4 Bc6 11. Re1 Nd7 12. Bd2 h6 {½-½ (53) Soderberg,P (2195)-Kremenietsky,A (2354) Gausdal 2008}) 10. Nc4 b5 11. axb6 $1 Nxb6 12. Nxb6 Qxb6 13. Ra2 f5 14. Nd2 fxe4 15. dxe4 a5 16. Nc4 Qc6 17. Qd3 Be6 18. b3 a4 19. Bg5 axb3 20. Rxa8 Rxa8 21. cxb3 Qb7 22. Be3 Rb8 23. Nxd6 (23. Nd2 $17 {might work better.}) 23... exd6 $19 24. Qxd6 Re8 25. Bxc5 Qxe4 26. f3 Qe2 27. b4 Bc4 {[%csl Gc4][%cal Re2f1]} 28. Rd1 {[#]} Bf6 $1 {[%mdl 512]} 29. Qd2 (29. Qxf6 Qxd1+) 29... Qxd2 30. Rxd2 Re1+ 31. Kf2 Rf1+ 32. Kg3 Be5+ 33. Kg4 Be6+ ({Much less strong is} 33... Bxh2 34. Rd8+ Kg7 35. Rd7+ Kg8 36. Rd8+ Kf7 37. Rd7+ Ke6 38. Rxh7 $19) 34. Kg5 {Threatening Re2.} Kg7 35. Bd6 h6+ 36. Kh4 g5+ 37. Kh5 Bf7+ 38. Kg4 Be6+ 39. Kh5 Bc3 40. Rc2 Rd1 41. Rxc3 $2 (41. Bc5 Bf6 42. Re2) 41... Rxd6 {[%mdl 4096] Endgame KRB-KR} 42. Rc7+ $2 (42. Re3) 42... Rd7 {Black is clearly winning.} 43. Rxd7+ Bxd7 {KB-KP} 44. g3 Bc6 45. Kg4 Kg6 {[%cal Rc6d7] [#]} 46. f4 h5+ 47. Kh3 g4+ 48. Kh4 Bd7 49. f5+ Bxf5 {Precision: White = 40%, Black = 83%.} 0-1

[Event "27th CRO-chT 1A-Men 2018"]
[Site "Biograd"]
[Date "2018.09.08"]
[Round "1.4"]
[White "Cvitan, Ognjen"]
[Black "Mrkonjic, Nenad"]
[Result "1/2-1/2"]
[WhiteElo "2489"]
[BlackElo "2352"]
[Annotator "TA"]
[PlyCount "37"]
[EventDate "2018.09.08"]
[EventType "team-tourn"]
[EventCountry "CRO"]
[SourceTitle "playchess.com"]
[Source "ChessBase"]
[SourceQuality "1"]

{[%evp 16,37,52,50,44,8,16,17,25,-24,0,-7,-4,-7,0,0,0,-10,41,0,27,0,0,0]} 1. d4 e6 2. Nf3 d5 3. c4 Nf6 4. Nc3 c6 5. e3 {[%cal Be2e3,Be3e4,Be4e5][%mdl 32]} Be7 6. Bd3 dxc4 7. Bxc4 b5 8. Bd3 a6 9. e4 c5 {D45: Semi-Slav: 5 e3} (9... Nbd7 10. e5 Nd5 11. Nxd5 cxd5 12. h4 h6 13. h5 Nb8 14. Be3 Nc6 15. Nd2 Na5 16. Qg4 Bf8 17. O-O {½-½ (44) Oratovsky,M (2560)-Janev,E (2440) Tarragona 2003}) 10. e5 Nd5 11. Nxd5 Qxd5 12. O-O cxd4 $146 ({Predecessor:} 12... c4 13. Bc2 Bb7 14. Re1 Qd7 15. Be3 Nc6 16. a3 Bd8 17. Qe2 {0-1 (39) Yrjola,J (2423)-Hokkanen,P (2311) Jyvaskyla 2004}) 13. Re1 Bb7 14. Be4 Qd7 15. Bxb7 Qxb7 16. Qxd4 Nc6 ({Black should try} 16... O-O $1 $11) 17. Qe4 Rd8 18. Be3 O-O 19. Red1 1/2-1/2

[Event "27th CRO-chT 1A-Men 2018"]
[Site "Biograd"]
[Date "2018.09.08"]
[Round "1.5"]
[White "Feletar, Darko"]
[Black "Kurajica, Bojan"]
[Result "1/2-1/2"]
[WhiteElo "2364"]
[BlackElo "2526"]
[Annotator "TA"]
[PlyCount "73"]
[EventDate "2018.09.08"]
[EventType "team-tourn"]
[EventCountry "CRO"]
[SourceTitle "playchess.com"]
[Source "ChessBase"]
[SourceQuality "1"]

{[%evp 14,73,11,12,47,16,56,13,45,16,99,-7,-8,-25,-56,-148,-156,-147,-166,-156,-164,-176,-174,-181,-157,-146,-136,-129,-128,-180,-193,-204,-154,-184,-157,-154,-87,-84,-23,-144,-33,-147,-40,-50,-51,-30,-24,-33,-41,-54,-36,-33,-30,-13,-32,-23,0,0,0,-24,0,0]} 1. e4 c5 2. Nf3 Nc6 3. d4 cxd4 4. Nxd4 Qc7 5. Nc3 e6 6. Be3 a6 7. Qd2 b5 8. f3 {LiveBook: 15 Games. B48: Sicilian: Taimanov: 5 Nc3 Qc7 6 Be3 a6 without Be2} Ne5 9. O-O-O Bb7 10. Kb1 $146 {White is slightly better.} ({Predecessor:} 10. Bf4 Nf6 11. Bg3 Rc8 12. Kb1 d6 13. Ndxb5 axb5 14. Nxb5 Qc5 15. b4 Qb6 16. Bf2 {½-½ (16) Grischuk,A (2719)-Rublevsky,S (2687) Foros 2006}) 10... Rc8 11. Bf4 f6 (11... Nf6 $1 $11) 12. Nb3 (12. a4 $16) 12... Bb4 $11 13. Bxe5 (13. Be2 {is interesting.} Bxc3 14. Qxc3 Qxc3 15. bxc3 d5 16. Na5) 13... fxe5 14. Bxb5 (14. Bd3 $15 Bxc3 15. Qxc3) 14... axb5 $17 15. Nxb5 Bxd2 16. Nxc7+ Rxc7 17. Rxd2 Nf6 18. Re1 g5 19. Na5 Ba6 20. Rd6 Ra7 21. c4 (21. b4 $17) 21... Ke7 $19 22. Rb6 Rc8 23. Rc1 Ne8 24. b4 Rca8 (24... Nd6 $142 {[%cal Ra6c4]} 25. c5 Nb7 26. Nxb7 Bxb7) 25. Rd1 $17 Nc7 (25... Rc7 $17 26. c5 g4 $1 {[%mdl 512]}) 26. a3 {[#]} (26. Kc2 $11 {remains equal.}) 26... Rf8 (26... Rc8 $1 $17 {Strongly threatening ...Na8.} 27. c5 Be2) 27. h3 (27. Rbd6 $15 Bc8 28. R6d3) 27... h5 ({Black should play} 27... Na8 $17 28. Rbd6 Rc8) 28. Rbd6 $15 Bc8 29. R6d3 Ra6 30. Kb2 d6 31. R1d2 Rd8 (31... Na8 {with more complications.} 32. Ka2 Rg8 33. Rd1 Nc7 34. R1d2 Rd8) 32. Rd1 Rxa5 33. bxa5 Na6 34. Rb3 $1 Nc5 35. Rb8 Kd7 36. Kc3 Kc7 37. Rdb1 {Precision: White = 49%, Black = 29%.} 1/2-1/2

[Event "27th CRO-chT 1A-Men 2018"]
[Site "Biograd"]
[Date "2018.09.08"]
[Round "1.6"]
[White "Rogic, Davor"]
[Black "Jukic, Branimir"]
[Result "1-0"]
[WhiteElo "2519"]
[BlackElo "2377"]
[Annotator "TA"]
[PlyCount "65"]
[EventDate "2018.09.08"]
[EventType "team-tourn"]
[EventCountry "CRO"]
[SourceTitle "playchess.com"]
[Source "ChessBase"]
[SourceQuality "1"]

{[%evp 15,65,2,20,0,0,0,-4,-25,0,-21,-16,-21,-30,-20,-17,-18,0,-18,-8,-4,5,-50,4,0,31,5,5,11,17,14,62,0,0,0,0,0,29,20,104,106,315,322,882,881,823,822,1202,943,954,945,858,833]} 1. e4 c5 2. Nf3 e6 3. d4 cxd4 4. Nxd4 Nf6 5. Nc3 Nc6 6. a3 Be7 7. Be3 O-O {B45: Sicilian Four Knights} 8. Be2 d6 {LiveBook: 11 Games} 9. g4 (9. Qd2 a6 10. O-O-O Na5 11. Kb1 Qc7 12. g4 Nc4 13. Bxc4 Qxc4 14. Rhg1 d5 15. exd5 Rd8 16. Bg5 exd5 17. Rge1 Be6 {1-0 (28) Demchenko,A (2629)-Kovalenko,I (2657) Minsk 2017 CBM 179 [Moradiabadi,E]}) 9... d5 {The position is equal.} 10. exd5 $146 ({Predecessor:} 10. Nxc6 bxc6 11. e5 Nd7 12. Bf4 f6 13. exf6 Bxf6 14. Bg3 Qb6 {0-1 (43) Skage,O (1956)-Arakhamia Grant,K (2432) Calvia 2007}) 10... Nxd5 11. Nxd5 Qxd5 12. Bf3 Qa5+ 13. b4 Qc7 14. Nxc6 bxc6 15. Qd3 Rb8 16. Qc4 a5 {[%cal Ra5b4]} 17. c3 Qe5 {aiming for ...axb4.} 18. Rc1 (18. Rd1 $11) 18... Bg5 (18... Bb7 $15) 19. Qe4 Qf6 20. O-O (20. bxa5 Ba6 $15) 20... Bb7 21. Bxg5 Qxg5 22. Qe3 Qh4 23. Rfd1 ({Better is} 23. bxa5 $14 Ba6 24. c4) 23... c5 $11 24. bxc5 {c6 is the strong threat.} Bxf3 25. Qxf3 Rb5 26. c6 $36 {[%cal Bc5c6,Bc6c7][%mdl 2080] Black must now prevent Rd7. White is pushing.} Rc5 (26... Qg5 $11 {keeps the balance.}) 27. Rd7 $16 h5 $2 {[#]} (27... Qf6 $16 28. Qe4 (28. Qxf6 gxf6 29. c7 Kg7 $14) 28... e5) 28. c7 $1 $18 g6 $2 {[#]} (28... Kh7 29. h3 (29. Rxf7 Rxf7 30. c8=Q Rxf3 $17) 29... hxg4 30. hxg4 Qf6 31. Qd3+ g6) 29. Rb1 $1 {White is clearly winning.} hxg4 30. Qe3 g3 31. hxg3 Qc4 {[#]} 32. Qxc5 $3 {[%mdl 512]} Qxc5 33. Rb8 {Precision: White = 70%, Black = 18%.} 1-0

[Event "27th CRO-chT 1A-Men 2018"]
[Site "Biograd"]
[Date "2018.09.08"]
[Round "1.7"]
[White "Tomashevsky, Evgeny"]
[Black "Bosiocic, Marin"]
[Result "1-0"]
[WhiteElo "2702"]
[BlackElo "2600"]
[Annotator "TA"]
[PlyCount "77"]
[EventDate "2018.09.08"]
[EventType "team-tourn"]
[EventCountry "CRO"]
[SourceTitle "playchess.com"]
[Source "ChessBase"]
[SourceQuality "1"]

{[%evp 15,77,0,0,0,0,-19,9,16,7,17,19,5,19,0,4,0,0,0,0,-15,0,-6,-14,-20,0,0,0,-13,-16,-19,26,0,0,0,0,0,0,0,0,0,0,0,39,0,0,0,0,0,0,0,0,0,0,0,89,0,0,0,408,325,396,368,29996,29997]} 1. d4 Nf6 2. Nf3 e6 3. c4 d5 4. Nc3 Bb4 5. e3 O-O 6. Bd2 b6 7. cxd5 exd5 8. Rc1 {E51: Nimzo-Indian: Rubinstein: 4...0-0 5 Nf3 d5} Be7 {LiveBook: 8 Games} 9. Be2 (9. Bd3 Bb7 10. O-O c5 11. dxc5 bxc5 12. Re1 Nc6 13. Bb1 Re8 14. e4 dxe4 15. Nxe4 Nd4 {½-½ (54) Vitiugov,N (2730)-Inarkiev,E (2690) Satka 2018}) 9... Bb7 10. O-O {The position is equal.} Nbd7 11. Qc2 $146 ({Predecessor:} 11. Nh4 g6 12. Nf3 Rc8 13. Bd3 c5 {1-0 (34) Bosbach,J-Mensching,W Dortmund 2001}) 11... a6 12. Ne5 Bd6 13. f4 c5 14. Bf3 cxd4 15. exd4 b5 {[%cal Bb6b5,Bb5b4][%mdl 32]} 16. Be1 Rc8 17. Qf5 b4 18. Ne2 {[%cal Bc3e2,Be2c1,Bc1d3,Bd3c5][%mdl 32]} Rxc1 19. Nxc1 g6 20. Qc2 Ne4 21. Ncd3 a5 22. Bf2 Bb8 23. Rc1 Nxf2 24. Qxf2 Ba7 25. Nxd7 Qxd7 26. Nc5 Rc8 27. g3 Qd6 28. Kg2 Bxc5 (28... Qf6 {feels hotter.} 29. h4 Bc6 30. Qe3 Re8 31. Qd3 Bb6) 29. Rxc5 Rxc5 30. dxc5 Qf6 31. Qd2 Qe7 32. Qd4 $36 {[%mdl 2048] White fights for an advantage.} ({Not} 32. Bxd5 $2 Qd7 $19) 32... Qe1 33. g4 Qb1 34. h4 Qxa2 {[#]} (34... h6 $11 {keeps the balance.}) 35. h5 ({White should try} 35. Qe5 $1 $16) 35... gxh5 $1 $11 36. gxh5 {aiming for h6.} Qb1 $2 {[%mdl 8192] [#]} (36... h6 $1 $11 {and Black has nothing to worry.}) 37. Qe5 $1 $18 {[%cal Re5g5] White threatens Qg5+ and mate.} Qc2+ 38. Kg3 {Qg5+ would kill now.} Qxc5 $2 (38... h6 $18) 39. Qg5+ {Precision: White = 67%, Black = 69%.} 1-0

[Event "27th CRO-chT 1A-Men 2018"]
[Site "Biograd"]
[Date "2018.09.08"]
[Round "1.8"]
[White "Beliavsky, Alexander G"]
[Black "Saric, Ivan"]
[Result "1/2-1/2"]
[WhiteElo "2540"]
[BlackElo "2689"]
[Annotator "TA"]
[PlyCount "113"]
[EventDate "2018.09.08"]
[EventType "team-tourn"]
[EventCountry "CRO"]
[SourceTitle "playchess.com"]
[Source "ChessBase"]
[SourceQuality "1"]

{[%evp 30,113,10,0,0,0,0,0,0,0,0,0,-7,0,0,0,10,0,10,10,25,12,40,0,0,0,0,0,61,61,37,35,31,44,118,112,127,128,127,86,86,81,81,81,75,82,82,75,76,70,112,105,105,120,108,87,72,30,60,61,60,30,67,41,67,67,67,67,67,30,76,57,52,30,143,65,67,44,41,34,33,8,8,0,0,0]} 1. d4 Nf6 2. c4 g6 3. Nc3 Bg7 4. e4 d6 5. Nf3 O-O 6. Be2 e5 7. O-O Nc6 8. d5 Ne7 9. Nd2 a5 10. Rb1 Nd7 11. a3 f5 12. b4 Kh8 13. Qc2 Nf6 14. f3 axb4 15. axb4 c6 {E97: King's Indian: Classical Main Line (6...e5 7 0-0 Nc6): 8 Be3 and 8 d5 Ne7, not 9 Ne1} 16. Nb3 {LiveBook: 7 Games} b5 17. c5 fxe4 18. fxe4 cxd5 19. Bg5 dxe4 20. cxd6 Qxd6 21. Nxb5 Qb6+ 22. Qc5 {[#]} Qxc5+ $146 ({Predecessor:} 22... Rb8 23. Qxb6 Rxb6 {½-½ (37) Halldorsson,J (2495)-Mrazik,L (2518) ICCF email 2006}) 23. Nxc5 {Threatens to win with Nc7.} Ned5 24. Bc4 Rb8 25. Nd6 e3 26. Bxf6 Nxf6 27. Nf7+ {[#]} Rxf7 $1 {[%mdl 512]} 28. Bxf7 Bf5 (28... e2 $11 29. Rfe1 Bf8) 29. Rb3 $1 $14 e2 30. Re1 $1 Bf8 31. Rxe2 Kg7 (31... Rxb4 $1 $14 32. Rxe5 Rd4) 32. Bc4 $16 Rxb4 33. Ne6+ Bxe6 34. Bxe6 Bc5+ 35. Kf1 Rf4+ 36. Ke1 Bb4+ 37. Kd1 Rd4+ {[#]} 38. Kc2 $1 e4 39. Rb1 h5 40. Rd1 Bc5 41. Rxd4 Bxd4 {[%mdl 4096] Endgame KRB-KBN} 42. g3 Kh6 43. Kb3 Bg1 44. Rg2 Bb6 45. Kc4 {Hoping for g4.} Kg5 46. Ra2 Bg1 47. Bc8 e3 48. Kd3 {And now Be6 would win.} Kh6 $1 49. Rb2 Kg5 50. Be6 Kh6 $1 51. Ra2 Kg5 (51... g5 $11 {keeps the balance.} 52. Bf5 g4) 52. h3 (52. h4+ $16 Kh6 53. Ra4) 52... Bf2 $14 53. Ra5+ Kh6 54. g4 {aiming for g5+.} Ne4 $1 55. Ke2 {Black must now prevent gxh5.} Ng5 $1 {[%cal Rg5e6]} 56. Bc4 {gxh5 is the strong threat.} h4 57. Rxg5 {Precision: White = 60%, Black = 58%.} 1/2-1/2

[Event "27th CRO-chT 1A-Men 2018"]
[Site "Biograd"]
[Date "2018.09.08"]
[Round "1.9"]
[White "Markus, Robert"]
[Black "Sebenik, Matej"]
[Result "1/2-1/2"]
[WhiteElo "2613"]
[BlackElo "2570"]
[Annotator "TA"]
[PlyCount "46"]
[EventDate "2018.09.08"]
[EventType "team-tourn"]
[EventCountry "CRO"]
[SourceTitle "playchess.com"]
[Source "ChessBase"]
[SourceQuality "1"]

{[%evp 25,46,0,3,-9,0,0,-6,-14,0,-9,-16,-13,0,0,0,0,0,0,0,-36,-45,-24,-19]} 1. d4 Nf6 2. c4 e6 3. Nf3 d5 4. g3 Be7 5. Bg2 O-O 6. O-O dxc4 7. Qc2 a6 8. a4 Bd7 9. Qxc4 Bc6 10. Bf4 Bd6 {E05: Open Catalan: 5 Nf3 Be7} 11. Qc1 (11. Bg5 Nbd7 12. Nc3 h6 13. Bc1 a5 14. b3 Qe7 15. Bb2 Rfd8 16. Rac1 Ba3 17. Bxa3 Qxa3 18. Nb5 Qe7 19. Qc2 Bxf3 20. Bxf3 {½-½ (31) Ding,L (2769)-Mamedyarov,S (2809) Berlin 2018}) 11... a5 12. Nc3 Na6 13. Bg5 h6 {[#] LiveBook: 10 Games} 14. Bd2 $146 ({Predecessor:} 14. Bxf6 Qxf6 15. Rd1 Nb4 16. e4 e5 17. dxe5 Bxe5 18. Nxe5 Qxe5 19. Nd5 Rfd8 20. f4 {½-½ (20) Mareco,S (2655)-Pichot,A (2556) Buenos Aires 2017}) 14... Re8 15. Rd1 Qe7 16. Qb1 Bb4 17. Re1 Bxf3 18. Bxf3 c5 19. dxc5 Nxc5 {And now ...Nb3 would win.} 20. Qa2 Red8 21. Red1 Rac8 22. Be1 Rxd1 23. Rxd1 Rd8 {Precision: White = 44%, Black = 53%.} 1/2-1/2

[Event "27th CRO-chT 1A-Men 2018"]
[Site "Biograd"]
[Date "2018.09.08"]
[Round "1.10"]
[White "Tica, Sven"]
[Black "Kuljasevic, Davorin"]
[Result "1/2-1/2"]
[WhiteElo "2442"]
[BlackElo "2548"]
[Annotator "TA"]
[PlyCount "38"]
[EventDate "2018.09.08"]
[EventType "team-tourn"]
[EventCountry "CRO"]
[SourceTitle "playchess.com"]
[Source "ChessBase"]
[SourceQuality "1"]

{[%evp 23,38,16,24,8,7,0,0,0,0,0,2,-12,-8,0,0,0,0]} 1. d4 Nf6 2. c4 e6 3. g3 d5 4. Bg2 dxc4 5. Nf3 Bd7 6. Ne5 Bc6 7. Nxc6 Nxc6 8. O-O Qd7 {E04: Katalanisch} 9. e3 Rd8 10. Nc3 (10. Qe2 e5 11. Qxc4 exd4 12. Qb5 Rb8 13. Rd1 a6 14. Qf1 Bd6 15. exd4 O-O 16. Bh3 {½-½ (76) Tomashevsky,E (2722)-Bu,X (2698) Novi Sad 2016}) 10... Be7 11. Qe2 e5 12. Qxc4 exd4 {LiveBook: 5 Partien} 13. exd4 Nxd4 {Die Stellung ist ausgeglichen.} 14. Be3 c5 {[%cal Bc7c5,Bc5d4,Bd4d3][%mdl 32]} 15. Rad1 O-O 16. Bxd4 cxd4 17. Ne2 $146 {[%cal Re2d4]} b5 18. Qb3 d3 19. Nf4 Qf5 1/2-1/2

[Event "27th CRO-chT 1A-Men 2018"]
[Site "Biograd"]
[Date "2018.09.08"]
[Round "1.11"]
[White "Plenca, Jadranko"]
[Black "Golubovic, Boris"]
[Result "*"]
[WhiteElo "2477"]
[BlackElo "2386"]
[Annotator "TA"]
[PlyCount "49"]
[EventDate "2018.09.08"]
[EventType "team-tourn"]
[EventCountry "CRO"]
[SourceTitle "playchess.com"]
[Source "ChessBase"]
[SourceQuality "1"]

{[%evp 19,49,0,0,7,16,16,14,-15,-3,-18,0,-2,0,-16,0,-14,-14,-16,-16,-10,-4,-16,-17,-21,-23,-11,-9,-37,-37,-35,-37,-41]} 1. e4 c5 2. Nf3 e6 3. c3 d5 4. exd5 Qxd5 5. d4 Nf6 6. Na3 Be7 7. Be2 O-O 8. O-O Nc6 9. Nb5 Qd8 10. dxc5 Bxc5 11. Bg5 {B22: Sicilian: 2 c3} (11. b4 Be7 12. Qb3 a6 13. Rd1 Bd7 14. Nbd4 Qc7 15. Nxc6 Bxc6 16. Nd4 Bd7 17. c4 e5 18. Nc2 a5 19. bxa5 Rxa5 {0-1 (37) Belyakov,B (2487)-Najer,E (2679) Doha 2016}) 11... a6 12. Nbd4 Nxd4 13. cxd4 {The position is equal.} Be7 14. Qb3 Nd5 $146 ({Predecessor:} 14... b6 15. Rfd1 Bb7 16. Ne5 Nd5 17. Bxe7 Qxe7 18. Bf3 Rac8 {½-½ (35) Aarland,S (2259)-Ekeberg,C (2066) Bergen 2000}) 15. Bxe7 Nxe7 16. Bd3 Bd7 17. Ne5 Bc6 18. Nxc6 bxc6 19. Rfd1 Qd6 20. Qc2 g6 21. Rac1 a5 22. Be4 Rfb8 23. Rd3 Rb4 24. Qd2 Rab8 25. g3 {Precision: White = 60%, Black = 72%.} *